Fr. Conceicao Rodrigues College of Engineering

Handbook of Piping Design (Record no. 32108)

MARC details
000 -LEADER
fixed length control field 00351nam a2200157Ia 4500
082 ## - DEWEY DECIMAL CLASSIFICATION NUMBER
Classification number 696.2/SAH
Item number SAH
100 ## - MAIN ENTRY--PERSONAL NAME
Personal name Sahu/G.K
245 ## - TITLE STATEMENT
Title Handbook of Piping Design
260 ## - PUBLICATION, DISTRIBUTION, ETC.
Name of publisher, distributor, etc. New Age International Ltd.
Place of publication, distribution, etc. New Delhi
Date of publication, distribution, etc. 2006
366 ## - TRADE AVAILABILITY INFORMATION
Publishers's discount category 20
300 ## - PHYSICAL DESCRIPTION
Extent 444
546 ## - LANGUAGE NOTE
Language note ENGLISH
650 ## - SUBJECT ADDED ENTRY--TOPICAL TERM
Topical term or geographic name entry element Handbook
654 ## - SUBJECT ADDED ENTRY--FACETED TOPICAL TERMS
Focus term piping design
942 ## - ADDED ENTRY ELEMENTS (KOHA)
Koha item type BOOK
Holdings
Withdrawn status Lost status Damaged status Not for loan Collection Home library Current library Date acquired Source of acquisition Cost, normal purchase price Inventory number Total Checkouts Full call number Barcode Date last seen Cost, replacement price Price effective from Koha item type
        CRC Fr. Agnel's C.Rodrigues College of Engineering Fr. Agnel's C.Rodrigues College of Engineering 17/03/2023 Professional Book house 930.00 566 dt 25/03/2008   696.2/SAH SAH 18518 17/03/2023 950.00   BOOK